000 00635cam a2200229ua 4500
003 OSt
008 250823b |||||||| |||| 00| 0 eng d
020 _a1-85333-623-8
041 _aeng
082 _a628
_bHUP/NE
100 _aHuppes, G.
_97783
245 _aNew market oriented instruments for environmental policies /
250 _a1 /
260 _a :
_bGraham & Trotman ,
_c1992.
300 _a200 ; .
490 0 _aEuropean communities environmental policy series,
700 1 _aMaxson, P.
_97784
700 1 _aNaald, van der W.
_97785
700 1 _aVoet, van der E.
_97786
700 1 _aVonkeman, G.
_97787
942 _cBK
999 _c172
_d172